Statistics for Name the darter- by its picture

Click here to take the quiz!

General Stats

  • This quiz has been taken 20 times
  • The average score is 13 of 16

Answer Stats

Answer% Correct
Gerwyn Price
100%
Michael Smith
100%
Michael van Gerwen
100%
Peter Wright
94%
Phil taylor
94%
Raymond van Barneveld
94%
Gary Anderson
88%
Rob Cross
88%
Adrian Lewis
81%
Dave Chisnall
75%
Brendan Dolan
69%
Dirk van Duijvenbode
63%
Nathan Aspinall
63%
Dimitri van den Bergh
56%
Mensur Suljovic
56%
Daryl Gurney
50%

Score Distribution

Percentile by Number Answered

Percent of People with Each Score

Your Score History

You have not taken this quiz